[Event "East Lansing (Class DE/2/5)"]
[Site "?"]
[Date "1995.??.??"]
[Round "?"]
[White "Silveri, Marco"]
[Black "Jaskot, Allan"]
[Result "1-0"]
[WhiteElo "1605"]
[BlackElo "1605"]
[PlyCount "59"]
[EventDate "1995.??.??"]

{2/(5)} 1. e4 e5 2. d4 exd4 3. Qxd4 Nc6 4. Qe3 d6 5. Nc3 Nb4 6. Bd3 Ne7 7. Bd2
b6 8. Nf3 c5 9. Nd5 Nxd3+ 10. Qxd3 h6 11. O-O-O Nxd5 12. exd5 Be7 13. h3 O-O
14. g4 Bh4 15. Nxh4 Qxh4 16. f4 a5 17. g5 g6 18. gxh6 Qxh6 19. f5 Qh5 20. fxg6
fxg6 21. Rdg1 Kh7 22. Rg5 Qh6 23. Rhg1 Rg8 24. Qg3 Qxh3 25. Qxd6 Bg4 26. R5xg4
Raf8 27. Qe7+ Kh8 28. Bc3+ Qxc3 29. Rh1+ Qh3 30. Rxh3# 1-0

[Event "Troy (TCC Res/4/7)"]
[Site "?"]
[Date "1995.??.??"]
[Round "?"]
[White "Silveri, Marco"]
[Black "James, Larry"]
[Result "0-1"]
[WhiteElo "1605"]
[BlackElo "1605"]
[PlyCount "50"]
[EventDate "1995.??.??"]

{4/(7)} 1. e4 e5 2. d4 exd4 3. Qxd4 Nc6 4. Qe3 Bb4+ 5. Bd2 Qe7 6. f4 Nf6 7. e5
Nd5 8. Qe4 Qc5 9. c3 Ba5 10. b4 Nxc3 11. Bxc3 Nxb4 12. Ne2 O-O 13. Nd2 d5 14.
Qd4 Nc2+ 15. Kf2 Nxd4 16. Bxd4 Qc2 17. Nb3 Bb6 18. Bxb6 axb6 19. Nbd4 Qb2 20.
Rc1 c5 21. Rc2 Qb4 22. Nb3 Bf5 23. Rc1 Rxa2 24. Na1 Qxf4+ 25. Kg1 Qe3# 0-1

[Event "Troy (TCC Res/2/10)"]
[Site "?"]
[Date "1995.??.??"]
[Round "?"]
[White "Silveri, Marco"]
[Black "Foord, Allan"]
[Result "0-1"]
[WhiteElo "1605"]
[BlackElo "1605"]
[PlyCount "92"]
[EventDate "1995.??.??"]

{2/(10)} 1. e4 c5 2. Nc3 d6 3. g3 Nf6 4. d3 Nc6 5. Bg2 e6 6. f4 a6 7. Be3 Qc7
8. Qe2 Be7 9. Nf3 d5 10. exd5 exd5 11. Bxc5 O-O 12. Bxe7 Nxe7 13. O-O-O Bg4 14.
h3 Be6 15. g4 Qxf4+ 16. Kb1 d4 17. Ne4 Nxe4 18. dxe4 Nc6 19. Nxd4 Nxd4 20. Rxd4
b5 21. Rhd1 Rac8 22. e5 Qg3 23. Qe4 Rc5 24. Qb7 Rxe5 25. Bd5 Rxd5 26. Rxd5 Bxd5
27. Qxd5 Qxh3 28. Qc6 Qxg4 29. Qd6 Qe6 30. Qxe6 fxe6 31. b3 e5 32. Rd6 Rf6 33.
Rd7 Re6 34. Kc1 e4 35. Kd2 e3+ 36. Ke2 h5 37. Rd3 Kf7 38. c4 g5 39. Rd5 Kf6 40.
c5 h4 41. Rd6 g4 42. Rxe6+ Kxe6 43. Kxe3 h3 44. Kf2 Kd5 45. Kg3 Kxc5 46. Kxg4
h2 0-1

[Event "East Lansing (Class DE/1/23)"]
[Site "?"]
[Date "1995.??.??"]
[Round "?"]
[White "Silveri, Marco"]
[Black "Ballard, C."]
[Result "1-0"]
[WhiteElo "1605"]
[BlackElo "1605"]
[PlyCount "47"]
[EventDate "1995.??.??"]

{1/(23)} 1. e4 e5 2. d4 Nc6 3. d5 Na5 4. a3 b6 5. b4 Nb7 6. Bb2 d6 7. Nf3 Bg4
8. Bb5+ Ke7 9. Qe2 a5 10. Nbd2 axb4 11. axb4 c5 12. dxc6 Nc5 13. bxc5 bxc5 14.
O-O Nf6 15. Rxa8 Qxa8 16. Ra1 Qb8 17. Rb1 g6 18. Ba6 Bh6 19. Bxe5 Qc7 20. Rb7
Rc8 21. Rxc7+ Rxc7 22. Bxf6+ Kxf6 23. e5+ dxe5 24. Qxe5# 1-0

[Event "Ann Arbor (MLS Jul/2/6)"]
[Site "?"]
[Date "1995.??.??"]
[Round "?"]
[White "Shiu, L."]
[Black "=Silveri, M."]
[Result "1-0"]
[WhiteElo "1630"]
[BlackElo "1605"]
[PlyCount "91"]
[EventDate "1995.??.??"]

{2/(6)} 1. e4 c5 2. Nf3 d6 3. d4 cxd4 4. Nxd4 Nf6 5. Nc3 g6 6. Be3 Bg7 7. f3
O-O 8. Qd2 Re8 9. O-O-O a6 10. h4 h5 11. Be2 b5 12. a3 e5 13. Nb3 Be6 14. Qxd6
Qxd6 15. Rxd6 Bf8 16. Rd2 b4 17. axb4 Bxb4 18. Bc5 Bxc3 19. bxc3 Rc8 20. Be7
Nfd7 21. Kb2 a5 22. Ra1 a4 23. Bb5 Nc6 24. Rxa4 Nxe7 25. Rxa8 Rxa8 26. Bxd7 Bc4
27. Bh3 Nc6 28. Bd7 Na5 29. Ba4 Rb8 30. Ka3 Ra8 31. Nxa5 Rxa5 32. Kb4 Ra7 33.
Kxc4 Rxa4+ 34. Kb3 Ra8 35. c4 Rc8 36. Rd5 f6 37. c5 Kf8 38. Kc4 Ke7 39. Kb5 Rd8
40. Rxd8 Kxd8 41. Kb6 Kc8 42. c6 Kb8 43. c7+ Kc8 44. Kc6 f5 45. Kd6 fxe4 46.
fxe4 1-0

[Event "Grand Rapids (MI Am/4/6)"]
[Site "?"]
[Date "1995.??.??"]
[Round "?"]
[White "Sheridan, Gregory"]
[Black "Welch, Joseph"]
[Result "1-0"]
[WhiteElo "1835"]
[BlackElo "1690"]
[PlyCount "123"]
[EventDate "1995.??.??"]

{4/(6)} 1. d4 Nf6 2. c4 c5 3. d5 b5 4. cxb5 a6 5. e3 g6 6. Nc3 d6 7. bxa6 Bg7
8. Bb5+ Bd7 9. Bxd7+ Nfxd7 10. Nge2 O-O 11. O-O Rxa6 12. e4 Qb6 13. Qc2 Ne5 14.
Bg5 Re8 15. b3 Nbd7 16. h3 Kf8 17. Be3 Nf6 18. f4 Ned7 19. g4 Rc8 20. f5 Ne5
21. fxg6 hxg6 22. Rf2 Ke8 23. Kg2 Nfd7 24. Raf1 Kd8 25. Rc1 Qb7 26. Rb1 Rca8
27. a4 Nb6 28. Bf4 Nbd7 29. Nb5 Rc8 30. Na3 Rb8 31. Bxe5 Nxe5 32. Nc4 f6 33.
Nxe5 fxe5 34. Rf7 Bf6 35. Rf8+ Kd7 36. Rxb8 Qxb8 37. Qc4 Rb6 38. Qc2 Qb7 39.
Nc3 Rb4 40. Kf3 Qa8 41. Nb5 Qf8 42. Kg2 Qh6 43. Qd3 Qf4 44. Re1 Bh4 45. Re2 Qf8
46. a5 Qb8 47. Nc3 Rxb3 48. Qc4 Rb4 49. Qa6 Rb3 50. Qc6+ Kd8 51. Na4 Qa7 52.
Nb6 Rxb6 53. Qxb6+ Qxb6 54. axb6 Kc8 55. Kf1 Bg5 56. Rf2 Bf4 57. h4 Bg3 58. h5
gxh5 59. gxh5 c4 60. h6 Bxf2 61. Kxf2 c3 62. Ke2 1-0

[Event "East Lansing (MI Op/2/35)"]
[Site "?"]
[Date "1995.??.??"]
[Round "?"]
[White "Sheridan, Gregory"]
[Black "Welch, Joseph"]
[Result "1-0"]
[WhiteElo "1875"]
[BlackElo "1665"]
[PlyCount "65"]
[EventDate "1995.??.??"]

{2/(35)} 1. d4 Nf6 2. c4 c5 3. d5 b5 4. cxb5 a6 5. e3 g6 6. Nc3 d6 7. bxa6 Bg7
8. Bb5+ Nfd7 9. Nge2 O-O 10. O-O Bxa6 11. a4 Qc7 12. e4 c4 13. b3 cxb3 14. Qxb3
Nc5 15. Qc4 Nbd7 16. Bxa6 Rxa6 17. Nb5 Qa5 18. Ra2 Nb6 19. Qc2 Nbxa4 20. Nbd4
Rfa8 21. Bd2 Qd8 22. Nc6 Qd7 23. h3 e6 24. Rb1 Qe8 25. Be3 Qd7 26. Nb8 Qe7 27.
Nxa6 Rxa6 28. Rb8+ Bf8 29. Bh6 Nd7 30. Bxf8 Nxf8 31. Rxa4 Rxa4 32. Qxa4 exd5
33. Qe8 1-0

[Event "Grand Rapids (MI Am/2/7)"]
[Site "?"]
[Date "1995.??.??"]
[Round "?"]
[White "Sheridan, Gregory"]
[Black "Slovinski, R."]
[Result "1-0"]
[WhiteElo "1825"]
[BlackElo "1605"]
[PlyCount "69"]
[EventDate "1995.??.??"]

{2/(7)} 1. d4 d5 2. c4 Bf5 3. Nc3 e6 4. cxd5 exd5 5. Qb3 Nc6 6. e3 Nf6 7. Qxb7
Nb4 8. Bb5+ Bd7 9. Bxd7+ Nxd7 10. Nxd5 Nxd5 11. Qxd5 Bd6 12. Nf3 Nf6 13. Qc6+
Ke7 14. O-O Re8 15. e4 Qd7 16. Qc2 Nxe4 17. Qxe4+ Kf8 18. Qxh7 f6 19. Bh6 Rad8
20. Qh8+ Kf7 21. Qxg7+ Ke6 22. Rfe1+ Kd5 23. Rxe8 Qxg7 24. Bxg7 Rxe8 25. h4 Bf8
26. Bxf8 Rxf8 27. Re1 Kd6 28. Kh2 Rb8 29. b3 Rb5 30. g4 c5 31. dxc5+ Rxc5 32.
g5 fxg5 33. hxg5 Rf5 34. Kg3 Ra5 35. g6 1-0

[Event "East Lansing (MI Op/6/18)"]
[Site "?"]
[Date "1995.??.??"]
[Round "?"]
[White "Sheridan, Gregory"]
[Black "Evans Sr., Thomas"]
[Result "1/2-1/2"]
[WhiteElo "1875"]
[BlackElo "1945"]
[PlyCount "93"]
[EventDate "1995.??.??"]

{6/(18)} 1. d4 d5 2. c4 c6 3. cxd5 cxd5 4. Nc3 Nf6 5. Bg5 e6 6. e3 Be7 7. Bd3
Nc6 8. Nf3 a6 9. Rc1 Bd7 10. O-O h6 11. Bh4 Rc8 12. h3 g5 13. Bg3 g4 14. hxg4
Nxg4 15. Nh2 Nxh2 16. Bxh2 Rg8 17. Qh5 Bf8 18. f4 Qf6 19. Rf2 Bd6 20. Rcf1 Ne7
21. Kh1 Qg7 22. f5 Nxf5 23. Bxf5 Bxh2 24. Qxh2 exf5 25. Nxd5 Rc6 26. Qb8+ Bc8
27. Nb6 Qg3 28. Qxg3 Rxg3 29. Nxc8 Rxc8 30. Rxf5 Rc2 31. R5f2 Rxf2 32. Rxf2
Rxe3 33. Rd2 Ke7 34. Kg1 Kd6 35. Kf2 Re6 36. Re2 Rxe2+ 37. Kxe2 Kd5 38. Kd3 h5
39. g3 b5 40. a3 a5 41. b3 b4 42. axb4 axb4 43. Ke3 f6 44. Kd3 f5 45. Ke3 Ke6
46. Kf4 Kd5 47. Ke3 1/2-1/2

[Event "East Lansing (MI Op/5/13)"]
[Site "?"]
[Date "1995.??.??"]
[Round "?"]
[White "Sheridan, Gregory"]
[Black "Clark, K."]
[Result "0-1"]
[WhiteElo "1875"]
[BlackElo "2055"]
[PlyCount "42"]
[EventDate "1995.??.??"]

{5/(13)} 1. d4 Nf6 2. c4 e5 3. dxe5 Ng4 4. Nf3 Bc5 5. e3 Nc6 6. a3 a5 7. Nc3
Ngxe5 8. Nxe5 Nxe5 9. Qd5 d6 10. b3 O-O 11. Bb2 Bd7 12. O-O-O Bc6 13. Qd2 Re8
14. h3 Qh4 15. Rg1 Re6 16. Nd5 Bxd5 17. cxd5 Rg6 18. Bxe5 dxe5 19. a4 Rf6 20.
g3 Qe4 21. Bg2 Ba3+ 0-1

[Event "Detroit (CMS Jun/2/3/4)"]
[Site "?"]
[Date "1995.??.??"]
[Round "?"]
[White "Shelton, Harold"]
[Black "Parker, Dea"]
[Result "1-0"]
[WhiteElo "1605"]
[BlackElo "1605"]
[PlyCount "119"]
[EventDate "1995.??.??"]

{2/3} 1. e4 e5 2. Nf3 Nc6 3. Bb5 a6 4. Bxc6 dxc6 5. Nc3 Bd6 6. O-O Bg4 7. h3
Bxf3 8. Qxf3 Nf6 9. d3 O-O 10. Bg5 Be7 11. Qg3 g6 12. Qxe5 Qd6 13. Qxd6 cxd6
14. d4 Rfe8 15. Rfe1 Nd7 16. Bxe7 Rxe7 17. d5 c5 18. Rad1 Rae8 19. Rd2 f6 20.
Rde2 b5 21. a3 Ne5 22. b4 c4 23. a4 bxa4 24. Nxa4 f5 25. Nc3 Rg7 26. b5 axb5
27. Nxb5 Rd8 28. Nc7 Kf7 29. Ne6 Rdg8 30. Nxg7 Rxg7 31. f4 Nd7 32. e5 dxe5 33.
fxe5 Ke8 34. e6 Nc5 35. d6 Ne4 36. g4 Nxd6 37. gxf5 gxf5+ 38. Rg2 Rxg2+ 39.
Kxg2 Ke7 40. Kg3 Ne4+ 41. Kf4 c3 42. Kxf5 Nd2 43. Ra1 Nc4 44. Ra7+ Kf8 45. Kf6
Nb6 46. Rb7 Nd5+ 47. Ke5 Ne7 48. Kf6 Nd5+ 49. Kg5 Ne3 50. e7+ Ke8 51. Kf6 Nd5+
52. Ke6 Nf4+ 53. Kd6 Nxh3 54. Rb8+ Kf7 55. e8=Q+ Kg7 56. Qd7+ Kh6 57. Rg8 Nf4
58. Qf7 Nd5 59. Qg7+ Kh5 60. Qxh7# 1-0

[Event "Detroit (MI Action/5/18)"]
[Site "?"]
[Date "1995.??.??"]
[Round "?"]
[White "Shaw, L."]
[Black "Zarzycki, Katherine"]
[Result "0-1"]
[WhiteElo "1605"]
[BlackElo "1605"]
[PlyCount "50"]
[EventDate "1995.??.??"]

{5/(18)} 1. e4 e5 2. Nf3 Nc6 3. Bb5 Nf6 4. d3 Nd4 5. Nxd4 exd4 6. Bc4 Bd6 7.
Bg5 O-O 8. Nd2 h6 9. Bxf6 Qxf6 10. O-O Qe5 11. Nf3 Qh5 12. e5 Bc5 13. Qe1 Re8
14. Qd2 d6 15. Rfe1 Qg6 16. h3 Bxh3 17. Nh4 Qg4 18. Re4 Qh5 19. gxh3 dxe5 20.
Kh2 g5 21. Rg1 Kh8 22. Bxf7 Qxf7 23. Reg4 Rg8 24. R1g2 Be7 25. b3 Rg7 0-1

[Event "Detroit (CMS Jun/3/3/4)"]
[Site "?"]
[Date "1995.??.??"]
[Round "?"]
[White "Shaw, L."]
[Black "Shelton, Harold"]
[Result "1-0"]
[WhiteElo "1605"]
[BlackElo "1605"]
[PlyCount "73"]
[EventDate "1995.??.??"]

{3/3} 1. e4 e5 2. Nf3 Nc6 3. Bc4 Nf6 4. d3 h6 5. Bg5 hxg5 6. Nxg5 d5 7. exd5
Nxd5 8. Nxf7 Kxf7 9. Qf3+ Ke6 10. Nc3 Bb4 11. O-O Bxc3 12. bxc3 Rf8 13. Qg4+
Ke7 14. Qxg7+ Kd6 15. Rab1 Rg8 16. Qh6+ Be6 17. Rb5 Qg5 18. Rxd5+ Ke7 19. Qh7+
Rg7 20. Qe4 Bxd5 21. Qxd5 Rd8 22. Qe6+ Kf8 23. Qh3 Ne7 24. g3 Qg4 25. Qh8+ Ng8
26. f4 e4 27. Bxg8 Rxg8 28. Qf6+ Ke8 29. Qe5+ Kf7 30. Qxe4 Rde8 31. Qh7+ Rg7
32. Qh6 Rh8 33. Qxh8 Qe2 34. d4 Qxc2 35. Re1 Qxc3 36. Qe8+ Kf6 37. Qe6# 1-0

[Event "Detroit (MI Action/1/8)"]
[Site "?"]
[Date "1995.??.??"]
[Round "?"]
[White "Shaw, L."]
[Black "Sanborn, Richard"]
[Result "0-1"]
[WhiteElo "1605"]
[BlackElo "1800"]
[PlyCount "33"]
[EventDate "1995.??.??"]

{1/(8)} 1. e4 c5 2. Bb5 a6 3. Bc4 Nc6 4. Nf3 e6 5. O-O Nge7 6. d3 g6 7. Ng5 d6
8. Nc3 Bg7 9. f4 O-O 10. Nf3 Na5 11. b3 b5 12. e5 dxe5 13. fxe5 bxc4 14. bxc4
Nac6 15. Qe2 Nxe5 16. Nxe5 Qc7 17. Nd1 0-1

[Event "Detroit (WCO/5/13)"]
[Site "?"]
[Date "1995.??.??"]
[Round "?"]
[White "Shaw, L."]
[Black "Parker, Dea"]
[Result "1-0"]
[WhiteElo "1605"]
[BlackElo "1605"]
[PlyCount "35"]
[EventDate "1995.??.??"]

{5/(13)} 1. e4 c5 2. Nf3 Nc6 3. Bb5 g6 4. Nc3 Bg7 5. Bxc6 bxc6 6. O-O Ba6 7.
Re1 d6 8. d4 cxd4 9. Nxd4 Bxd4 10. Qxd4 Nf6 11. e5 dxe5 12. Qxe5 O-O 13. Bg5
Re8 14. Rad1 Nd5 15. Qe4 Bb5 16. a4 f6 17. Qe6+ Kf8 18. Bh6# 1-0

[Event "Detroit (CMS Jun/2/2/3)"]
[Site "?"]
[Date "1995.??.??"]
[Round "?"]
[White "Shaw, L."]
[Black "Jackson, K."]
[Result "0-1"]
[WhiteElo "1605"]
[BlackElo "1605"]
[PlyCount "80"]
[EventDate "1995.??.??"]

{2/2} 1. e4 e6 2. c4 d5 3. cxd5 exd5 4. exd5 Qxd5 5. Nc3 Qd8 6. Nf3 Nf6 7. Bc4
Be7 8. Ng5 O-O 9. Nxf7 Rxf7 10. Bxf7+ Kxf7 11. O-O Nc6 12. d3 h6 13. Be3 Be6
14. a3 Kg8 15. Ne4 Bf5 16. Nxf6+ Bxf6 17. Qb3+ Kh8 18. Rad1 b6 19. h3 h5 20.
Rfe1 Qd7 21. Bf4 Nd4 22. Qc4 Bxh3 23. gxh3 Qxh3 24. Re3 Qg4+ 25. Kf1 Qxd1+ 26.
Kg2 Qg4+ 27. Kf1 Qxf4 28. Qd5 Rd8 29. Qxh5+ Qh6 30. Re8+ Kh7 31. Qxh6+ gxh6 32.
Rxd8 Bxd8 33. Kg2 Bf6 34. b4 Nb3 35. Kf3 Kg6 36. Ke4 h5 37. Kf3 Kg5 38. Kg3
Be5+ 39. Kh3 c6 40. a4 a6 0-1

[Event "Troy (TCC Beg/4/1)"]
[Site "?"]
[Date "1995.??.??"]
[Round "?"]
[White "Sharper, D."]
[Black "Hall, K."]
[Result "0-1"]
[WhiteElo "1605"]
[BlackElo "1605"]
[PlyCount "102"]
[EventDate "1995.??.??"]

{4/(1)} 1. e4 g6 2. d4 Bg7 3. Nf3 d6 4. Be2 Nf6 5. O-O Nxe4 6. c3 O-O 7. Re1 d5
8. Bd3 Nf6 9. h3 e6 10. Bg5 Nbd7 11. Nbd2 c5 12. Rc1 c4 13. Bb1 h6 14. Bh4 b5
15. Ne5 Qc7 16. Ndf3 a5 17. Bg3 Qb7 18. Qc2 Ne4 19. Nd2 f5 20. Nxd7 Qxd7 21.
Nxe4 dxe4 22. Rxe4 fxe4 23. Qxe4 Bh8 24. Qxa8 Qb7 25. Be4 Qxa8 26. Bxa8 Bd7 27.
Be4 Bf6 28. Rd1 Rc8 29. Kf1 Bc6 30. f3 Bd5 31. Re1 Kf7 32. Bxd5 exd5 33. f4 Re8
34. Rxe8 Kxe8 35. Kf2 Kf7 36. Kf3 g5 37. f5 b4 38. Kg4 a4 39. Kh5 b3 40. a3
Bxd4 41. Be1 Be3 42. Kg4 Bc1 43. Kf3 Bxb2 44. Ke2 Bxa3 45. Kd1 Kf6 46. g4 Bc5
47. Kc1 a3 48. h4 a2 49. Kb2 Be3 50. h5 d4 51. Ka1 d3 0-1

[Event "Troy (TCC Beg/2/2)"]
[Site "?"]
[Date "1995.??.??"]
[Round "?"]
[White "Sharper, D."]
[Black "Cowans, Winston"]
[Result "1-0"]
[WhiteElo "1605"]
[BlackElo "1605"]
[PlyCount "155"]
[EventDate "1995.??.??"]

{2/(2)} 1. e4 c5 2. Nf3 d6 3. d4 cxd4 4. Nxd4 Nc6 5. c4 Nf6 6. Nc3 g6 7. Be2
Bg7 8. Be3 O-O 9. O-O a6 10. Qd2 Qc7 11. f4 Bd7 12. Rac1 e6 13. h3 Rad8 14. g4
e5 15. Nf3 exf4 16. Bxf4 Be6 17. Qe3 Rfe8 18. c5 Bf8 19. cxd6 Bxd6 20. Bxd6
Qxd6 21. e5 Qc7 22. exf6 Bxg4 23. Qh6 Qg3+ 24. Kh1 Qxh3+ 25. Qxh3 Bxh3 26. Rfd1
Bg4 27. Kg2 h5 28. Rxd8 Nxd8 29. Bc4 Re3 30. Ng5 h4 31. Rf1 Rg3+ 32. Kf2 Bf5
33. Nce4 Rg4 34. Kf3 Nc6 35. Bxf7+ Kf8 36. Bd5 Ne5+ 37. Ke3 Bxe4 38. Nxe4 g5
39. Bxb7 Nc4+ 40. Kd4 Nd6 41. Ke5 Nxb7 42. Rc1 Ke8 43. Rc7 Nd8 44. Nd6+ Kf8 45.
Rc8 Kg8 46. f7+ Kg7 47. Rxd8 Rf4 48. Nf5+ Kxf7 49. Rd7+ Ke8 50. Rg7 h3 51. Rxg5
Rf2 52. Nd6+ Kd7 53. Nc4 Rf1 54. Rh5 Re1+ 55. Kf4 Rc1 56. Ne5+ Kd6 57. Rxh3 Rd1
58. Rd3+ Rxd3 59. Nxd3 Kd5 60. Nb4+ Kc4 61. Nxa6 Kd3 62. b4 Kc4 63. a4 Kd5 64.
b5 Kd6 65. Ke4 Kd7 66. Kd5 Kc8 67. Kc6 Kd8 68. b6 Kc8 69. b7+ Kd8 70. b8=Q+ Ke7
71. Qd6+ Kf7 72. Kd7 Kg7 73. Ke7 Kg8 74. Qe6+ Kg7 75. Qf6+ Kh7 76. Qg5 Kh8 77.
Kf7 Kh7 78. Qg7# 1-0

[Event "Ann Arbor (HVA/1/3)"]
[Site "?"]
[Date "1995.??.??"]
[Round "?"]
[White "Serwatowski, Felix"]
[Black "Skidmore, Jennifer"]
[Result "0-1"]
[WhiteElo "1605"]
[BlackElo "1900"]
[PlyCount "90"]
[EventDate "1995.??.??"]

{1/(3)} 1. e4 e5 2. Nf3 d6 3. d4 Nf6 4. Nc3 exd4 5. Nxd4 Be7 6. Be2 O-O 7. O-O
a6 8. a4 c5 9. Nf3 Nc6 10. Re1 Bg4 11. h3 Bh5 12. Rb1 Qc7 13. Bf4 Rad8 14. Nd2
Bxe2 15. Rxe2 Nd4 16. Re3 Rfe8 17. Nd5 Nxd5 18. exd5 Bf8 19. Rxe8 Rxe8 20. Be3
Nf5 21. Bf4 Qd7 22. c3 b5 23. axb5 axb5 24. b3 g6 25. c4 Bg7 26. b4 cxb4 27.
Rxb4 Bc3 28. Rxb5 Nd4 29. Rb1 Ne2+ 30. Kf1 Nxf4 31. Nb3 Re1+ 32. Qxe1 Bxe1 33.
Rxe1 Nxh3 34. gxh3 Qxh3+ 35. Kg1 Qxb3 36. Rc1 Qb2 37. Re1 Qc3 38. Re4 h5 39.
Re8+ Kg7 40. Rd8 Qxc4 41. Rxd6 Qc1+ 42. Kg2 Qg5+ 43. Kf1 h4 44. Rd7 h3 45. d6
h2 0-1

[Event "East Lansing (MOR/1a/2)"]
[Site "?"]
[Date "1995.??.??"]
[Round "?"]
[White "Serwatowski, Felix"]
[Black "Nicolli, Randy"]
[Result "0-1"]
[WhiteElo "1605"]
[BlackElo "1755"]
[PlyCount "110"]
[EventDate "1995.??.??"]

1. d4 f5 2. Nf3 Nf6 3. g3 e6 4. Bg2 d5 5. Nbd2 Bd6 6. O-O O-O 7. c4 c6 8. c5
Bc7 9. Ne5 Bxe5 10. dxe5 Nfd7 11. Nb3 Nxe5 12. Bf4 Nbd7 13. Qc2 Qe7 14. Qc3 Nf7
15. Bd2 e5 16. e3 Nf6 17. f3 Be6 18. Nc1 Rad8 19. Ne2 Qd7 20. Rad1 Qc7 21. f4
Ne4 22. Bxe4 fxe4 23. fxe5 Nxe5 24. Nf4 Bg4 25. Rc1 Qe7 26. b3 Rf7 27. Qb2 Rdf8
28. Bc3 Nf3+ 29. Kg2 Qg5 30. Rh1 Qh6 31. h3 Bc8 32. h4 Bg4 33. Kf2 g5 34. hxg5
Qxg5 35. Kg2 h5 36. Be1 Ne5 37. Kg1 Nd3 38. Qc2 Nxc1 39. Qxc1 Rh7 40. Rh4 Bf3
41. Ne6 Qf6 42. Nxf8 Qxf8 43. Qc3 Bg4 44. Bf2 Re7 45. b4 Qf6 46. Qc1 a6 47. a3
Rf7 48. Rh2 Qf3 49. Qd2 Qf6 50. Qc1 Kf8 51. Rg2 h4 52. gxh4 Bh3 53. Rg5 Qxf2+
54. Kh1 Qxh4 55. Qg1 Rf1 0-1

[Event "Grand Rapids (MI Am/2/5)"]
[Site "?"]
[Date "1995.??.??"]
[Round "?"]
[White "Semerciyan, Mike"]
[Black "Purkey, L."]
[Result "1-0"]
[WhiteElo "1900"]
[BlackElo "1605"]
[PlyCount "95"]
[EventDate "1995.??.??"]

{2/(5)} 1. Nf3 g6 2. c4 Bg7 3. Nc3 d6 4. d4 Nf6 5. e4 Bg4 6. Be2 O-O 7. O-O c6
8. Be3 Nbd7 9. h3 Bxf3 10. Bxf3 a6 11. Qc2 Rb8 12. a4 c5 13. dxc5 Nxc5 14. Rfd1
Qc7 15. Be2 Qb6 16. Rd2 Qb3 17. Qb1 Qb6 18. b4 Nfxe4 19. Nxe4 Bxa1 20. Qxa1
Qxb4 21. Nxc5 dxc5 22. Rd5 Rbc8 23. Bh6 f6 24. Bxf8 Kxf8 25. Qd1 Rc6 26. Rd8+
Kg7 27. Rd7 Re6 28. Kf1 Qb6 29. Bf3 Qb4 30. Bd5 Re5 31. Rxb7 Qc3 32. Rb3 Qd4
33. Rd3 Qf4 34. g3 Qh6 35. Kg2 g5 36. a5 f5 37. g4 f4 38. Qa4 Qd6 39. Qe8 e6
40. Be4 f3+ 41. Kxf3 Qf8+ 42. Qxf8+ Kxf8 43. Rd6 Kg7 44. Rxa6 h5 45. Ra7+ Kf6
46. a6 hxg4+ 47. hxg4 Rxe4 48. Kxe4 1-0

[Event "Grand Rapids (MI Am/4/2)"]
[Site "?"]
[Date "1995.??.??"]
[Round "?"]
[White "Semerciyan, Mike"]
[Black "Conlon, Russell"]
[Result "0-1"]
[WhiteElo "1900"]
[BlackElo "1865"]
[PlyCount "86"]
[EventDate "1995.??.??"]

{4/(2)} 1. Nf3 d6 2. d4 Bg4 3. c4 c6 4. Nc3 Nd7 5. e4 e5 6. Be2 Qc7 7. h3 Bxf3
8. Bxf3 Ngf6 9. O-O Be7 10. Be3 O-O 11. Qc2 Rfe8 12. Rfd1 Bf8 13. Rab1 a6 14.
dxe5 dxe5 15. b4 a5 16. b5 Bc5 17. Bxc5 Nxc5 18. Rd2 Ne6 19. Ne2 Ng5 20. Rb3
Nxf3+ 21. gxf3 Red8 22. Qd1 Rxd2 23. Qxd2 Rd8 24. Rd3 Rxd3 25. Qxd3 Qd7 26.
Qxd7 Nxd7 27. Nc3 Nc5 28. a4 Kf8 29. Kf1 Ke7 30. Ke2 Kd6 31. Ke3 Ne6 32. bxc6
bxc6 33. Nb1 Kc5 34. Kd3 Nf4+ 35. Kc3 Nxh3 36. Nd2 Nxf2 37. Nb3+ Kb6 38. c5+
Ka6 39. Kd2 h5 40. Ke2 Nh3 41. Kf1 Nf4 42. Kf2 Nd3+ 43. Kg3 g5 0-1

[Event "Lansing (Mini-Swiss.3/2)"]
[Site "?"]
[Date "1995.??.??"]
[Round "?"]
[White "Sellers, Matt"]
[Black "Crysler, Jerry"]
[Result "1-0"]
[WhiteElo "1605"]
[BlackElo "1605"]
[PlyCount "167"]
[EventDate "1995.??.??"]

{3/(2)} 1. e4 e6 2. d4 d6 3. Nd2 Ne7 4. Ngf3 Ng6 5. Nb3 Be7 6. Bc4 O-O 7. O-O
Nd7 8. Bd2 b6 9. c3 Bb7 10. Re1 Nf6 11. Bd3 c5 12. Qc2 d5 13. e5 Nd7 14. Rad1
c4 15. Bxg6 fxg6 16. Nc1 g5 17. Ne2 g4 18. Nf4 Rxf4 19. Bxf4 gxf3 20. g3 Bg5
21. Bxg5 Qxg5 22. Qa4 Nf8 23. b3 Qf5 24. Re3 cxb3 25. axb3 Ng6 26. Rdd3 Nh4 27.
gxh4 Qg4+ 28. Kf1 Qg2+ 29. Ke1 Qg1+ 30. Kd2 Qxf2+ 31. Kc1 Qg1+ 32. Kb2 Qxh2+
33. Ka3 f2 34. Rd1 Qxh4 35. Rf1 Rf8 36. Re2 a6 37. Rexf2 Qe7+ 38. Qb4 Qxb4+ 39.
Kxb4 Rxf2 40. Rxf2 Bc6 41. Ka3 h5 42. c4 g6 43. Rf6 dxc4 44. bxc4 Be4 45. Rxe6
h4 46. d5 h3 47. d6 Bc6 48. Rxg6+ Kh7 49. Rg4 Bd7 50. Rh4+ Kg6 51. Kb3 Kg5 52.
Rh7 h2 53. Rxh2 Kf5 54. Rh7 Bc6 55. d7 Bxd7 56. Rxd7 Kxe5 57. Kc3 Ke6 58. Rd1
Ke7 59. Kb4 Ke6 60. c5 bxc5+ 61. Kxc5 Ke5 62. Re1+ Kf6 63. Kd6 a5 64. Rf1+ Kg5
65. Ke5 a4 66. Rg1+ Kh6 67. Kf6 Kh5 68. Kf5 Kh4 69. Kf4 Kh5 70. Kf5 Kh4 71. Rg8
a3 72. Kf4 Kh5 73. Ra8 Kg6 74. Rxa3 Kh5 75. Rg3 Kh4 76. Rg8 Kh3 77. Rg1 Kh2 78.
Rg8 Kh3 79. Kf3 Kh2 80. Kf4 Kh3 81. Rg7 Kh2 82. Kf3 Kh1 83. Kf2 Kh2 84. Rh7#
1-0

[Event "Ann Arbor (MLS Jul/1/4)"]
[Site "?"]
[Date "1995.??.??"]
[Round "?"]
[White "Sedgwick, D."]
[Black "Silveri, Marco"]
[Result "1-0"]
[WhiteElo "1830"]
[BlackElo "1605"]
[PlyCount "51"]
[EventDate "1995.??.??"]

{1/(4)} 1. e4 c5 2. c3 d6 3. d4 cxd4 4. cxd4 g6 5. Nf3 Bg7 6. Be2 Nf6 7. Nc3 a6
8. O-O O-O 9. h3 Re8 10. Bg5 Nbd7 11. e5 h6 12. exf6 exf6 13. Be3 Nf8 14. d5
Bf5 15. Qd2 g5 16. Bd3 Bd7 17. Nd4 Qc8 18. Qc2 Re5 19. Rfe1 Bxh3 20. gxh3 Qxh3
21. Bf5 g4 22. Bf4 Rxf5 23. Nxf5 Ng6 24. Qe4 h5 25. Re3 Nh4 26. Rxh3 1-0

[Event "Ann Arbor (MLS Jul/2/2)"]
[Site "?"]
[Date "1995.??.??"]
[Round "?"]
[White "Sedgwick, D."]
[Black "Poschel, Paul"]
[Result "0-1"]
[WhiteElo "1830"]
[BlackElo "2245"]
[PlyCount "66"]
[EventDate "1995.??.??"]

{2/(2)} 1. e4 c5 2. c3 d5 3. exd5 Qxd5 4. d4 Nf6 5. Nf3 Bg4 6. Be2 e6 7. O-O
Be7 8. c4 Qd8 9. Be3 Nbd7 10. Nc3 O-O 11. Qc2 Bf5 12. Bd3 Bxd3 13. Qxd3 cxd4
14. Nxd4 Ne5 15. Qe2 Neg4 16. Ndb5 a6 17. Nd4 Qc7 18. Nf3 Nxe3 19. fxe3 Rac8
20. b3 b5 21. Rac1 bxc4 22. Na4 Qa7 23. Rxc4 Rxc4 24. Qxc4 Qxe3+ 25. Kh1 Ne4
26. Qc2 f5 27. Nb2 Rd8 28. Nc4 Qh6 29. Ne1 Ng3+ 30. Kg1 Nxf1 31. Kxf1 Qxh2 32.
Nd3 Qh1+ 33. Ke2 Qxg2+ 0-1

[Event "East Lansing (Class B/3/2)"]
[Site "?"]
[Date "1995.??.??"]
[Round "?"]
[White "Scriber, Darin"]
[Black "Walquist, Elaine"]
[Result "1/2-1/2"]
[WhiteElo "1670"]
[BlackElo "1745"]
[PlyCount "57"]
[EventDate "1995.??.??"]

{3/(2)} 1. e4 c6 2. d4 d5 3. Nc3 dxe4 4. Nxe4 Bf5 5. Ng3 Bg6 6. Nf3 Nd7 7. Bd3
Qc7 8. Bxg6 hxg6 9. Be3 Ngf6 10. Qd2 Nd5 11. c4 Nxe3 12. Qxe3 Nb6 13. Qc3 e6
14. h3 O-O-O 15. O-O Be7 16. a4 a5 17. Ne2 Bb4 18. Qc2 Qe7 19. Rad1 f5 20. Ne5
Rh6 21. Nd3 Rdh8 22. Kh2 g5 23. Nxb4 Qxb4 24. b3 Qd6+ 25. f4 Qc7 26. Kg1 g4 27.
hxg4 fxg4 28. Qd3 g5 29. Qg3 1/2-1/2

[Event "Lansing (Mini-Swiss.2/3)"]
[Site "?"]
[Date "1995.??.??"]
[Round "?"]
[White "Scriber, Darin"]
[Black "Stark, Jay"]
[Result "1-0"]
[WhiteElo "1650"]
[BlackElo "1605"]
[PlyCount "45"]
[EventDate "1995.??.??"]

{2/(3)} 1. e4 c5 2. d4 cxd4 3. c3 dxc3 4. Nxc3 d6 5. Nf3 Nf6 6. Bc4 e6 7. O-O
Be7 8. Qe2 a6 9. Rd1 Nbd7 10. Bg5 Qc7 11. Rac1 Qb8 12. a4 O-O 13. b4 b6 14. b5
a5 15. h4 Bb7 16. Bf4 Nc5 17. Ng5 e5 18. Bxf7+ Rxf7 19. Nxf7 Kxf7 20. Qc4+ Kf8
21. Be3 Nfxe4 22. Nxe4 Bxe4 23. Bxc5 1-0

[Event "East Lansing (Class B/2/4)"]
[Site "?"]
[Date "1995.??.??"]
[Round "?"]
[White "Scriber, Darin"]
[Black "Nicolli, Randy"]
[Result "1-0"]
[WhiteElo "1670"]
[BlackElo "1745"]
[PlyCount "37"]
[EventDate "1995.??.??"]

{2/(4)} 1. e4 e5 2. f4 exf4 3. Nf3 Be7 4. Bc4 Bh4+ 5. Kf1 Bf6 6. d4 g5 7. e5
Bg7 8. Nc3 d6 9. Qe2 Qe7 10. Nd5 Qd8 11. exd6+ Be6 12. Nxc7+ Kf8 13. Nxe6+ fxe6
14. Qxe6 Qd7 15. Nxg5 Qxe6 16. Nxe6+ Kf7 17. Nc7+ Kg6 18. Nxa8 Nc6 19. c3 1-0